000 00185nam a22000857a 4500
082 _a823
100 _aVED PRAKASH
245 _aCHARACTER BUILDING STORIES FOR CHILDREN FRIENDLY
942 _cBK
999 _c8254
_d8254